Loading...
VAISNAVAPATHAPRATISEDHA
| Main Author: | |
|---|---|
| Format: | Printed Book |
| Published: |
BOMBAY
BHARATI PRESS
1936
|
| Subjects: |
| LEADER | 00413nam a2200169 4500 | ||
|---|---|---|---|
| 020 | |||
| 082 | |||
| 100 | |a NAGA LINGA SIVASADDYA | ||
| 245 | |a VAISNAVAPATHAPRATISEDHA |h SANSKRIT | ||
| 250 | |||
| 260 | |a BOMBAY |b BHARATI PRESS |c 1936 | ||
| 300 | |f PB | ||
| 650 | |a VAISNAVAPATHAPRATISEDHA | ||
| 700 | |||
| 942 | |c BK | ||
| 999 | |c 159358 |d 159358 | ||
| 952 | |0 0 |1 0 |4 0 |7 0 |9 172815 |a ORI |b ORI |l 0 |p ORIS1172 |r 2019-10-25 |w 2019-10-25 |y BK | ||